| 000 | 00503nam a2200181Ia 4500 | ||
|---|---|---|---|
| 005 | 20230328093544.0 | ||
| 008 | 131103s9999 xx 000 0 und d | ||
| 040 | _aLoreto College | ||
| 041 | _aEnglish | ||
| 082 |
_a822.91 _bSAY |
||
| 100 | _aSayers dorothy L | ||
| 245 |
_athe man born to be king _b a play on the life of our lord and saviour _cDorothy L Sayers |
||
| 260 |
_aLondon _bVictor Gollangz Ltd. _c1944 |
||
| 300 | _a343p. | ||
| 650 | _aEnglish drama | ||
| 850 | _aLCLIB | ||
| 942 | _cBK | ||
| 999 |
_c22406 _d72885 |
||